00423nam a22001577a 450000500170000001000130001702000260003003500130005603700090006908200080007810000160008624500480010226000440015027000500019430000210024420210903160427.0 aB-741379 a9781107698543c250.00 aB-741379 bGift a881 aLewis, C.S. aAn experiment in criticism /cby C.S. Lewis aDelhibCambridge University Pressc2013 a4381/4, Ansari ROod, DaryaganjbDelhie110002 a142p.c22cm(pbk)